<?xml version="1.0" encoding="UTF-8"?><?xml-stylesheet type="text/xsl" href="static/style.xsl"?><OAI-PMH xmlns="http://www.openarchives.org/OAI/2.0/" xmlns:xsi="http://www.w3.org/2001/XMLSchema-instance" xsi:schemaLocation="http://www.openarchives.org/OAI/2.0/ http://www.openarchives.org/OAI/2.0/OAI-PMH.xsd"><responseDate>2026-06-04T04:53:48Z</responseDate><request verb="GetRecord" identifier="oai:recam.amb.cat:20.500.14439/4695" metadataPrefix="marc">https://recam.amb.cat/rest/oai/request</request><GetRecord><record><header><identifier>oai:recam.amb.cat:20.500.14439/4695</identifier><datestamp>2026-04-23T08:55:01Z</datestamp><setSpec>com_20.500.14439_2794</setSpec><setSpec>com_20.500.14439_113</setSpec><setSpec>col_20.500.14439_4201</setSpec></header><metadata><record xmlns="http://www.loc.gov/MARC21/slim" xmlns:dcterms="http://purl.org/dc/terms/" xmlns:xsi="http://www.w3.org/2001/XMLSchema-instance" xmlns:doc="http://www.lyncode.com/xoai" xsi:schemaLocation="http://www.loc.gov/MARC21/slim http://www.loc.gov/standards/marcxml/schema/MARC21slim.xsd">
   <leader>00925njm 22002777a 4500</leader>
   <datafield ind2=" " ind1=" " tag="042">
      <subfield code="a">dc</subfield>
   </datafield>
   <datafield ind2=" " ind1=" " tag="720">
      <subfield code="a">Institut d'Estudis Regionals i Metropolitans de Barcelona</subfield>
      <subfield code="e">author</subfield>
   </datafield>
   <datafield ind2=" " ind1=" " tag="260">
      <subfield code="c">1994-10-01</subfield>
   </datafield>
   <datafield ind2=" " ind1=" " tag="520">
      <subfield code="a">En conjunt es publiquen sis treballs. El tres primers es refereixen, des d'òptiques diverses, al conjunt de la problemàtica tractada. Així, la peremptorietat d'una política d'espais oberts a escala metropolitana és tractada per l'enginyer Angel Simon; Joaquim Clusa, economista, analitza les necessitats de finançament en aquest camp; finalment, Albert Serratosa, també enginyer, planteja els principis que han de guiar el planejament metropolità en matèria d'espais oberts.
Segueixen, a continuació, tres exposicions de les actuacions i projectes en àmbits concrets. En la primera (inclosa pel seu interès, tot i que no fou presentada en el seminari), l'arquitecte Juli Esteban presenta la problemàtica dels espais protegits; tot seguit, Marià Marti, biòleg, discuteix les realitats i potencialitats del sistema metropolità de parcs; finalment, l'arquitecte Jaume Vendrell clou el quadern amb un treball sobre intervencions en els parcs, els rus i la costa metropolitana.</subfield>
   </datafield>
   <datafield ind1="8" ind2=" " tag="024">
      <subfield code="a">8488068379</subfield>
   </datafield>
   <datafield ind1="8" ind2=" " tag="024">
      <subfield code="a">https://hdl.handle.net/20.500.14439/4695</subfield>
   </datafield>
   <datafield ind1="8" ind2=" " tag="024">
      <subfield code="a">B 43242-1994</subfield>
   </datafield>
   <datafield tag="653" ind2=" " ind1=" ">
      <subfield code="a">Espais lliures</subfield>
   </datafield>
   <datafield tag="653" ind2=" " ind1=" ">
      <subfield code="a">Parcs</subfield>
   </datafield>
   <datafield tag="653" ind2=" " ind1=" ">
      <subfield code="a">Rius</subfield>
   </datafield>
   <datafield tag="653" ind2=" " ind1=" ">
      <subfield code="a">Costes</subfield>
   </datafield>
   <datafield ind2="0" ind1="0" tag="245">
      <subfield code="a">Els espais oberts: parcs, rius i costes. Papers, 20</subfield>
   </datafield>
</record></metadata></record></GetRecord></OAI-PMH>